| 000 | 00409nam a22001697a 4500 | ||
|---|---|---|---|
| 003 | NUST | ||
| 020 | _a0-07-066760-8 | ||
| 038 | _akhadija | ||
| 082 |
_aOO5.133 _bPRO |
||
| 100 |
_aISRD Group _981688 |
||
| 245 | _aPROGRAMMING & PROBLEM SOLVING USING C \ | ||
| 260 |
_a New Delhi: _bTata McGraw-Graw, _c2008. |
||
| 300 |
_a293 p. _b22 cm |
||
| 500 | _aPaperback. | ||
| 563 | _apaperback | ||
| 942 |
_cBK _2ddc |
||
| 999 |
_c32712 _d32712 |
||